"Así---" : (Record no. 100213)

MARC details
000 -CABECERA
campo de control de longitud fija 00908nam a2200241 a 4500
005 - FECHA Y HORA DE LA ÚLTIMA TRANSACCIÓN
campo de control 20231021063622.0
008 - ELEMENTOS DE LONGITUD FIJA--INFORMACIÓN GENERAL
campo de control de longitud fija 030820s1997 es r 000 0 spa d
020 ## - NÚMERO INTERNACIONAL NORMALIZADO PARA LIBROS
Número Internacional Estándar del Libro 8478691383
035 ## - NÚMERO DE CONTROL DEL SISTEMA
Número de control de sistema UPN01000128034
049 ## - COLECCIÓN
Colección CG
050 #4 - SIGNATURA TOPOGRÁFICA DE LA BIBLIOTECA DEL CONGRESO
Número de clasificación LB1049
Número de documento/Ítem G3.27 1997
100 1# - ASIENTO PRINCIPAL--NOMBRE PERSONAL
Nombre de persona García Pérez, E. Manuel
9 (RLIN) 30765
245 11 - MENCIÓN DE TÍTULO
Título "Así---" :
Resto del título programa de entrenamiento en técnicas y hábitos de estudio : cuaderno del alumno : ciclo II de educación secundaria obligatoria (14-16 años) /
Mención de responsabilidad, etc. E. Manuel García Pérez, J. Luis Galve Manzano, Manuel Trallero Sanz.
250 ## - MENCIÓN DE EDICIÓN
Mención de edición 2a ed.
260 ## - PUBLICACIÓN, DISTRIBUCIÓN, ETC.
Lugar de publicación, distribución, etc. Madrid :
Nombre del editor, distribuidor, etc. CEPE,
Fecha de publicación, distribución, etc. 1997.
300 ## - DESCRIPCIÓN FÍSICA
Extensión 112 p.
440 #0 - MENCIÓN DE SERIE/ASIENTO SECUNDARIO--TÍTULO
Título Programa de intervención educativa ;
Designación de volumen o secuencia 2
650 #4 - ASIENTO SECUNDARIO DE MATERIA - TERMINO TEMATICO
Término de materia o nombre geográfico como elemento de entrada Métodos de estudio
9 (RLIN) 4280
650 #2 - ASIENTO SECUNDARIO DE MATERIA - TERMINO TEMATICO
Término de materia o nombre geográfico como elemento de entrada Hábitos de estudio
9 (RLIN) 7045
700 1# - ASIENTO SECUNDARIO--NOMBRE DE PERSONAL
Nombre de persona Galve Manzano, José Luis,
Término indicativo de función/relación coaut.
9 (RLIN) 28876
700 1# - ASIENTO SECUNDARIO--NOMBRE DE PERSONAL
Nombre de persona Trallero Sanz, Manuel,
Término indicativo de función/relación coaut.
9 (RLIN) 31808
905 ## - TIPO DE MATERIAL
Tipo de material Libro
Holdings
Estado de retiro Estado de pérdida Fuente del sistema de clasificación o colocación Estado dañado No para préstamo Código de colección Localización permanente Ubicación/localización actual Ubicación en estantería Fecha de adquisición Total de préstamos Clasificación Código de barras Fecha visto por última vez Fecha del último préstamo Número de copia Tipo de ítem Koha
    Library of Congress Classification     Colección General Bib. Gregorio Torres Quintero Bib. Gregorio Torres Quintero Planta baja 05/10/2022 1 LB1049 G3.27 1997 216730 19/10/2022 05/10/2022 1 Libro
    Library of Congress Classification     Colección General Bib. Gregorio Torres Quintero Bib. Gregorio Torres Quintero Planta baja 06/10/2022 5 LB1049 G3.27 1997 216731 20/10/2022 06/10/2022 1 Libro